000 01524cad a22002295a 4500
001 E145039
008 080902s2008 xxk f l s000 0 eng d
035 _a(Sirsi) u145039
041 0 _aeng
110 2 _aScotland
_kLaws, etc
245 0 4 _aThe Housing Grants (Application Forms) (Scotland) Amendment Regulations 2008
_h[electronic resource]
260 _aEdinburgh
_bScottish Government
_c2008
490 0 _aScottish Statutory Instrument
_v2008: 283
520 _aThese Regulations amend the Housing Grants (Application Forms) (Scotland) Regulations 2003 in relation to the application forms for improvement grant not relating to works for a disabled occupant, for improvement grant relating to works for a disabled occupant, for repairs grant and for grant for a means of escape from fire in a house in multiple occupation. The amendments add income related employment and support allowance and contributory employment and support allowance to the lists of benefits in various parts of the forms (regulations 2 to 6). Comes into force 27 October 2008.
590 _aKA
650 2 4 _aHOUSING GRANTS (APPLICATION FORMS) (SCOTLAND) REGULATIONS 2003
650 2 4 _aHOUSING GRANTS (APPLICATION FORMS) SCOTLAND) AMENDMENT REGULATIONS 2008
651 4 _aScotland
_y1999-
690 _aPROPERTY-RESIDENTIAL PROPERTY-DOMESTIC RESIDENTIAL PROPERTY-HOUSING
856 4 1 _uhttps://www.opsi.gov.uk/legislation/scotland/ssi2008/ssi_20080283_en_1
_zView the statutory instrument free of charge at www.opsi.gov.uk...
942 _n0
999 _c108678
_d108678